| 000 | 00524cam a2200193ua 4500 | ||
|---|---|---|---|
| 001 | 621 | ||
| 008 | 110412n ii |||gr||||Z||||||eng | ||
| 020 | _a81-7018-545-9 | ||
| 040 | _cMAIN | ||
| 082 | _a327 | ||
| 245 | 1 |
_aGorbachev factor in world affairs _cby Bhabani Sen Gupta |
|
| 250 | _a1st. | ||
| 260 |
_aDelhi: _bB.R. Publishing corporation,989. |
||
| 300 |
_axxvi, 507p.: _c45cm. |
||
| 653 | _aPolitical science | ||
| 653 | _aGorvachev factor in world affairs | ||
| 700 |
_aGupta, Bhabani Sen., _eAuthor. |
||
| 942 | _cBK | ||
| 999 |
_c551 _d551 |
||